Introduction to economics /
This book is divided into six parts: Preliminaries; Microeconomic decision makers; Markets, prices, and resource allocation; Macroeconomics: basic concepts; The behavior of the macroeconomy; and International trade.
Spremljeno u:
| Glavni autor: | |
|---|---|
| Daljnji autori: | |
| Format: | Knjiga |
| Jezik: | English |
| Izdano: |
Cincinnati, Ohio ; United Kingdom :
South-Western College,
2000
|
| Teme: | |
| Oznake: |
Dodaj oznaku
Bez oznaka, Budi prvi tko označuje ovaj zapis!
|
| Thư viện lưu trữ: | Mạng thư viện Đại học Đà Nẵng |
|---|
| LEADER | 01117cam a2200349 i 4500 | ||
|---|---|---|---|
| 001 | 000049144 | ||
| 003 | 8875 | ||
| 005 | 20021115461320.0 | ||
| 008 | 010315|2000 vm 000 eng | ||
| 020 | |a 0324008791 | ||
| 040 | |a IRC |c IRC |d IRC | ||
| 041 | 0 | |a eng | |
| 082 | 1 | 4 | |a 330 |b LI-M |
| 100 | 1 | |a Lieberman, Marc | |
| 245 | 0 | 0 | |a Introduction to economics / |c Marc Lieberman, Robert E. Hall |
| 260 | |a Cincinnati, Ohio ; United Kingdom : |b South-Western College, |c 2000 | ||
| 300 | |a xvi, 536 p. : |b ill. (some col.), col. map, ports.; |c 25.5cm | ||
| 520 | 3 | |a This book is divided into six parts: Preliminaries; Microeconomic decision makers; Markets, prices, and resource allocation; Macroeconomics: basic concepts; The behavior of the macroeconomy; and International trade. | |
| 630 | 0 | 4 | |a Economics |
| 650 | 0 | 4 | |a Economics |
| 700 | 1 | |a Hall, Robert E. | |
| OWN | |a DUT | ||
| 049 | 0 | 0 | |a mt |
| 999 | |a From the UDN01 | ||
| TYP | |a Monograph | ||
| TYP | |a Printed language | ||
| 980 | |a Mạng thư viện Đại học Đà Nẵng | ||


